| 000 | 00581nam a2200193Ia 4500 | ||
|---|---|---|---|
| 005 | 20250522104538.0 | ||
| 008 | 008 250516s9999 xx 000 0 eng d | ||
| 020 | _a9781682850404 | ||
| 040 |
_aSDCL _beng _cSDCL |
||
| 041 |
_aeng _2eng |
||
| 084 |
_aX:8, Q6 _qSDCL |
||
| 100 |
_aHurley, Brian Ed. _9405518 |
||
| 245 | 0 | _aCorporate social responsibility and environmental accountability of business organizations | |
| 260 |
_aNew York: _bWillford Press, _c2016. |
||
| 300 | _avi,201p. | ||
| 365 |
_aUSD _b145 |
||
| 650 | _aBusiness Economics and Finance | ||
| 942 | _cTEXL | ||
| 999 |
_c1430707 _d1430707 |
||